000 00658cab a2200229 4500
001 WB2517-30
008 090401t1989 xxu||||| |||| 00| 0 eng d
035 _a(Sirsi) u24230
041 _aeng
245 _aSignificant value of waterfront land
260 _c1989
350 _a0
490 _aFinancial Times
_v4/5/89 p32
520 _aCharts the success of the Mersey Docks and Harbour Company , which has seen its share price rocket recently.
650 _aDOCKLANDS
650 _aFREEPORTS
650 _aLIVERPOOL
650 _aMERSEYSIDE DEVELOPMENT CORPORATION
690 _aPROPERTY LAW AND PRACTICE
942 _n0
948 _c04/03/1997
999 _c16237
_d16237